00811cam a2200253 i 450000100060000000300080000600500170001400800390003103500190007004000320008904100110012108200180013210000240015024500590017426000320023330000210026549000490028650000460033550400490038161000320043065000280046265000150049065100520050525457BD-RjUL20211209050901.0140318s1976 yu b 001 0 eng a(BD-RjUL)25527 aDLCcDLCdDLCdBD-RjULbeng1 aengscr00a329.9497bVLS1 aVlahović, Veljko.10aSocial consciousness and reality /cVeljko Vlahović. aBeograd :bKomunist,c1976. a340 p. ;c20 cm.0 aBook series - Socialist Thought and Practice aTranslation of Svijest i stvarni život. aIncludes Bibliography: p. 329-332 and index.20aSavez komunista Jugoslavije 0aMinoritieszYugoslavia. 0aCommunism. 0aYugoslaviaxPolitics and governmenty1945-1980.